LIBRARY & INFORMATION CENTRE, KCAET, TAVANUR

ONLINE PUBLIC ACCESS CATALOGUE (OPAC)

Elementary treatise on the calculus with illustrutions from geometry ,mechanics and physics / (Record no. 2215)

MARC details
000 -LEADER
fixed length control field 00520cam a2200181ua 4500
041 ## - LANGUAGE CODE
Language code of text/sound track or separate title eng
082 ## - DEWEY DECIMAL CLASSIFICATION NUMBER
Classification number 515.1
Item number GIB/EL
100 ## - MAIN ENTRY--AUTHOR NAME
Personal name Gibson, George A .
245 ## - TITLE STATEMENT
Title Elementary treatise on the calculus with illustrutions from geometry ,mechanics and physics /
250 ## - EDITION STATEMENT
Edition statement 1 /
260 ## - PUBLICATION, DISTRIBUTION, ETC. (IMPRINT)
Place of publication Neoyork :
Name of publisher MacMillan and Company Limited ,
Year of publication 1961.
300 ## - PHYSICAL DESCRIPTION
Number of Pages 527 ; .
942 ## - ADDED ENTRY ELEMENTS (KOHA)
Koha item type Books
Holdings
Withdrawn status Lost status Damaged status Home library Current library Date acquired Full call number Accession Number Koha item type
      KAUAET KAUAET 07/04/2012 515.1 3166 Books
free website counter